Scorsese Movies by Opening Line - Statistics

General Stats
  • This quiz has been taken 483 times
  • The average score is 5 of 9
Answer Stats
Opening Line Answer % Correct
"As far back as I can remember, I always wanted to be a gangster." Goodfellas
96%
"The world of investing can be a jungle. That's why we at Stratton Oakmont pride ourselves on being the best. Trained professionals to guide you through the financial wilderness. Stratton Oakmont. Stability. Integrity. Pride." The Wolf of Wall Street
76%
"I remember those cheers. They still ring in my ears, and for years, they remain in my thoughts." Raging Bull
56%
"When I was young, I thought house painters painted houses." The Irishman
46%
"9-ball is rotation pool. The balls are pocketed in numbered order. The only ball that means anything, that wins it, is the 9." The Color of Money
44%
"You don't make up for your sins in church. You do it in the streets. You do it at home. The rest is bullshit and you know it." Mean Streets
43%
"I don't want to be a product of my environment. I want my environment to be a product of me." The Departed
42%
"When you love someone, you've gotta trust them. There's no other way. You've got to give them the key to everything that's yours. Otherwise what's the point? Casino
40%
"Some of it I half remember. And the rest of it, from dreams." Gangs of New York
19%
No matching quizzes found
Score Distribution
Percent of People with Each Score
Percentile by Number Answered
Your Score History
You have not taken this quiz